[Event "Valladolid Amateur op 4th"]
[Site "Valladolid"]
[Date "2013.08.04"]
[Round "6"]
[White "Garcia Corada, Pedro"]
[Black "Garcia Martin, Manuel"]
[Result "1/2-1/2"]
[WhiteElo "2013"]
[BlackElo "1955"]
[PlyCount "66"]
[EventDate "2013.08.02"]
[EventType "swiss"]
[EventRounds "7"]
[EventCountry "ESP"]
[SourceTitle "EXT 2014"]
[Source "ChessBase"]
[SourceDate "2013.11.20"]
[SourceVersion "1"]
[SourceVersionDate "2013.11.20"]
[SourceQuality "1"]

1. e4 g6 2. d4 Bg7 3. Nc3 c5 4. Nf3 cxd4 5. Nxd4 Nc6 6. Be3 Nf6 7. Be2 0-0 8. 0-0 d6 9. Nxc6 bxc6 10. f4 Qa5 11. a3 Rb8 12. b4 Qc7 13. Rb1 Ng4 14. Bxg4 Bxc3 15. Bxc8 Rfxc8 16. Qd3 Bg7 17. c4 a5 18. Rfd1 axb4 19. axb4 Rb7 20. c5 Qb8 21. cxd6 exd6 22. Qxd6 Qxd6 23. Rxd6 Bf8 24. Rd2 Rxb4 25. Rxb4 Bxb4 26. Rc2 f6 27. Kf2 Kf7 28. Ke2 Ke6 29. Kd3 Bd6 30. g3 h5 31. h3 Kd7 32. Bd4 Ke6 33. Be3 Kd7 1/2-1/2